Engelsizmir 2013 sanat yarışmaları (Record no. 6880)
[ view plain ]
| 000 -BAŞLIK | |
|---|---|
| Sabit Uzunlukta Kontrol Alanı | 00659na a2200217 4500 |
| 001 - KONTROL NUMARASI | |
| Denetim Alanı | 17181 |
| 003 - KONTROL NUMARASI IDENTIFIER | |
| Denetim Alanı | MIRAKIL |
| 005 - SON İŞLEM TARİHİ VE ZAMANI | |
| Denetim Alanı | 20181213155122.0 |
| 008 - SABİT-BOY VERİ ELEMANLARI - GENEL BİLGİLER | |
| Sabit Uzunlukta Kontrol Alanı | 161023b tu 000 0 |
| 035 ## - SİSTEM KONTROL NUMARASI | |
| Sistem Kontrol Numarası | 17181 |
| 040 ## - KATALOGLAMA KAYNAK | |
| Orijinal Kataloglama Ajansı | Milas |
| Kataloglama Dili | tur |
| Metne Dönüştürmek Ajansı | TR-AnCHP |
| 041 ## - DİL KODU | |
| Metin / Ses Parça Veya Ayrı Başlığın Dil Kodu | tur |
| 082 ## - DEWEY ONLU SINIFLANDIRMA NUMARASI | |
| Sınıflandırma Numarası | 700.9 |
| Ürün Numarası | E53 2013 |
| 090 ## - SINIFLAMA NUMARASI | |
| Sınıflama Numarası | 700.9 E53 2013 |
| 245 ## - BAŞLIK TABLOSU | |
| Başlık | Engelsizmir 2013 sanat yarışmaları |
| Başlığın Kalan | kısa film, karikatür, fotoğraf |
| Sorumluluk Tablosu, Vb | İzmir Büyükşehir Belediyesi |
| 260 ## - YAYIN, DAĞITIM, VB | |
| Yayın, Dağıtım, Vb Yeri | İzmir |
| Yayıncı, Dağıtıcı, Vs Adı | [yay.y.] |
| Yayın, Dağıtım, Vb Tarihi | 2013 |
| 300 ## - FİZİKSEL TANIM | |
| Kapsam | 120 s. |
| Diğer Fiziksel Ayrıntıları | rnkl. res. ; fotg. |
| Boyutlar | 19x26 sm |
| Eşlik Eden Malzeme | 1 adet cd. |
| 651 ## - KONU KATMA GİRİŞ - COĞRAFİ ADI | |
| Coğrafi İsim | İzmir |
| Genel Alt Bölümü | Engelliler |
| Kronolojik Alt Bölümü | Yarışmalar |
| 651 ## - KONU KATMA GİRİŞ - COĞRAFİ ADI | |
| Coğrafi İsim | İzmir |
| Genel Alt Bölümü | Sanat |
| Kronolojik Alt Bölümü | Yarışmalar |
| 942 ## - EKLENDİ GİRİŞ ELEMANLARI (KOHA) | |
| Sınıflandırma Veya Raf Düzeni Kaynak | Dewey Decimal Classification |
| Koha Öğesi Türü | Books |
| 999 ## - SİSTEM KONTROL NUMARALARI (KOHA) | |
| Koha Biblionumber | 6880 |
| Koha Biblioitemnumber | 6880 |
| Kalıcı Konum | Mevcut Konum | Edinme Tarihi | Edinim Kaynak | Toplam Check-Out'Lar | Tam Çağrı Numarası | Barkod | Tarih Son Görülme | İtibaren Geçerli Fiyatlar | Koha Öğesi Türü |
|---|---|---|---|---|---|---|---|---|---|
| CHP Kütüphanesi | CHP Kütüphanesi | 10/23/2016 | Bağış | 700.9 E53 2013 | 007571 | 10/23/2016 | 10/23/2016 | Books |
